20 największych miast Australii na mapie - Statystyki

Ogólne statystyki
  • Ten quiz został rozwiązany 165 razy
  • Średni wynik to 8 z 20
Odpowiedzi na mapie
Odpowiedzi zakodowano w zielono-czerwonej skali na mapie do tego quizu, zgodnie z poniższymi procentami.
 
Statystyki odpowiedzi
Miasto % Poprawnych
Sydney
98%
Melbourne
90%
Perth
90%
Canberra
89%
Brisbane
79%
Adelaide
72%
Darwin
59%
Hobart
46%
Gold Coast
35%
Newcastle
30%
Sunshine Coast
20%
Cairns
17%
Wollongong
17%
Townsville
15%
Geelong
12%
Ballarat
10%
Central Coast
10%
Launceston
10%
Bendigo
6%
Toowoomba
6%
Nie znaleziono quizów pasujących do podanych kryteriów
Rozkład punktacji
Procent ludzi z każdym wynikiem
Percentyl według liczby udzielonych odpowiedzi
Twoja historia wyników
Nie rozwiązałeś tego quizu